000 00894nam a22001817a 4500
999 _c61228
_d61228
003 Ge_BSU
005 20240109141628.0
008 240109s2023ge xxu||||| |||| 00| 0 geo d
041 _ageo
080 _a349.2(479.22)(094.4) ს-32
245 _aსაქართველოს ორგანული კანონი:
_bსაქართველოს შრომის კოდექსი : ცვლილებებითა და დამატებებით (2023 წლის 1 ოქტომბრამდე)
264 _aთბილისი:
_bბონა კაუზა,
_c2023.
300 _a91 გვ.:
_b20 სმ.
440 _aიურისტის ბიბლიოთეკა
_9137
653 _aსაქართველოს შრომის კოდექსი
653 _aსამართალი
942 _2udc
_cᲬᲘᲒᲜᲘ